<?xml version="1.0" encoding="UTF-8"?>
<record
    xmlns:xsi="http://www.w3.org/2001/XMLSchema-instance"
    xsi:schemaLocation="http://www.loc.gov/MARC21/slim http://www.loc.gov/standards/marcxml/schema/MARC21slim.xsd"
    xmlns="http://www.loc.gov/MARC21/slim">

  <leader>00666cas a2200181 a 4500</leader>
  <datafield tag="022" ind1=" " ind2=" ">
    <subfield code="a">2663-8207</subfield>
  </datafield>
  <datafield tag="040" ind1=" " ind2=" ">
    <subfield code="c">FUG</subfield>
  </datafield>
  <datafield tag="082" ind1=" " ind2=" ">
    <subfield code="a">266 FAO 2007 C116 Or.</subfield>
  </datafield>
  <datafield tag="245" ind1="1" ind2="4">
    <subfield code="a">The state of agricultural commodity markets</subfield>
  </datafield>
  <datafield tag="260" ind1=" " ind2=" ">
    <subfield code="a">Rome, Italy :</subfield>
    <subfield code="b">Information Division, Food and Agriculture Organisation of the United Nations,</subfield>
    <subfield code="c">2004-</subfield>
  </datafield>
  <datafield tag="650" ind1=" " ind2="0">
    <subfield code="a">Food industry and trade</subfield>
  </datafield>
  <datafield tag="650" ind1=" " ind2="0">
    <subfield code="a">Food industry and trade</subfield>
  </datafield>
  <datafield tag="650" ind1=" " ind2="0">
    <subfield code="a">Commodity exchanges</subfield>
  </datafield>
  <datafield tag="650" ind1=" " ind2="0">
    <subfield code="a">Commodity exchanges</subfield>
  </datafield>
  <datafield tag="710" ind1="2" ind2=" ">
    <subfield code="a">Food and Agriculture Organization of the United Nations.</subfield>
  </datafield>
  <datafield tag="856" ind1="4" ind2="0">
    <subfield code="u">http://MY2VS8LV9P.search.serialssolutions.com/?V=1.0&amp;L=MY2VS8LV9P&amp;S=JCs&amp;C=TSOAC&amp;T=marc</subfield>
  </datafield>
  <datafield tag="942" ind1=" " ind2=" ">
    <subfield code="c">AEDBB</subfield>
  </datafield>
  <datafield tag="999" ind1=" " ind2=" ">
    <subfield code="c">21035</subfield>
    <subfield code="d">21035</subfield>
  </datafield>
  <datafield tag="952" ind1=" " ind2=" ">
    <subfield code="0">0</subfield>
    <subfield code="1">0</subfield>
    <subfield code="4">0</subfield>
    <subfield code="6">266_000000000000000_FAO_2007_C116_OR</subfield>
    <subfield code="7">0</subfield>
    <subfield code="9">92733</subfield>
    <subfield code="a">LBC</subfield>
    <subfield code="b">LBC</subfield>
    <subfield code="c">C116</subfield>
    <subfield code="d">2023-02-03</subfield>
    <subfield code="o">266 FAO 2007 C116 Or.</subfield>
    <subfield code="p">a071668</subfield>
    <subfield code="r">2023-02-03</subfield>
    <subfield code="y">AEDBB</subfield>
  </datafield>
  <datafield tag="952" ind1=" " ind2=" ">
    <subfield code="0">0</subfield>
    <subfield code="1">0</subfield>
    <subfield code="4">0</subfield>
    <subfield code="6">266_000000000000000_FAO_2007_C116_OR</subfield>
    <subfield code="7">0</subfield>
    <subfield code="9">92734</subfield>
    <subfield code="a">LBC</subfield>
    <subfield code="b">LBC</subfield>
    <subfield code="c">C116</subfield>
    <subfield code="d">2023-02-03</subfield>
    <subfield code="o">266 FAO 2007 C116 Or.</subfield>
    <subfield code="p">a071597</subfield>
    <subfield code="r">2023-02-03</subfield>
    <subfield code="y">AEDBB</subfield>
  </datafield>
  <datafield tag="952" ind1=" " ind2=" ">
    <subfield code="0">0</subfield>
    <subfield code="1">0</subfield>
    <subfield code="4">0</subfield>
    <subfield code="6">266_000000000000000_FAO_2007_C116_OR</subfield>
    <subfield code="7">0</subfield>
    <subfield code="9">92738</subfield>
    <subfield code="a">LBC</subfield>
    <subfield code="b">LBC</subfield>
    <subfield code="c">C116</subfield>
    <subfield code="d">2023-02-03</subfield>
    <subfield code="o">266 FAO 2007 C116 Or.</subfield>
    <subfield code="p">a071108</subfield>
    <subfield code="r">2023-02-03</subfield>
    <subfield code="y">AEDBB</subfield>
  </datafield>
  <datafield tag="952" ind1=" " ind2=" ">
    <subfield code="0">0</subfield>
    <subfield code="1">0</subfield>
    <subfield code="4">0</subfield>
    <subfield code="6">266_000000000000000_FAO_2007_C116_OR</subfield>
    <subfield code="7">0</subfield>
    <subfield code="9">92739</subfield>
    <subfield code="a">LBC</subfield>
    <subfield code="b">LBC</subfield>
    <subfield code="c">C116</subfield>
    <subfield code="d">2023-02-03</subfield>
    <subfield code="o">266 FAO 2007 C116 Or.</subfield>
    <subfield code="p">a071593</subfield>
    <subfield code="r">2023-02-03</subfield>
    <subfield code="y">AEDBB</subfield>
  </datafield>
</record>
